| 000 | 01145cam a2200349 4500 | ||
|---|---|---|---|
| 001 | WS120479 | ||
| 008 | 021115n 000 0 eng u | ||
| 035 | _a(Sirsi) u120479 | ||
| 245 | _aPublic-services.eu | ||
| 520 | _aWeb portal providing information and services to assist individuals and companies in Europe carry out cross border activities. Includes sections on employment, education, taxation, accounting and environmental protection. | ||
| 650 | _aDENMARK | ||
| 650 | _aFRANCE | ||
| 650 | _aGERMANY | ||
| 650 | _aITALY | ||
| 650 | _aLUXEMBOURG | ||
| 650 | _aSPAIN | ||
| 650 | _aSWEDEN | ||
| 650 | _aEMPLOYMENT | ||
| 650 | _aINTERNATIONAL | ||
| 650 | _aCAREERS, EDUCATION AND TRAINING | ||
| 650 | _aTAXATION | ||
| 650 | _aVALUE ADDED TAX | ||
| 650 | _aINCOME TAX | ||
| 650 | _aMANAGEMENT-BUSINESS MANAGEMENT-FINANCIAL MANAGEMENT-ACCOUNTING | ||
| 650 | _aSTATISTICS | ||
| 650 | _aBANKING | ||
| 650 | _aHUMAN RESOURCES | ||
| 650 | _aPROPERTY RIGHTS | ||
| 690 | _aEUROPE | ||
| 856 | 4 | 0 |
_uhttps://europa.eu.int/public-services/index_en.htm _zView the website free of charge at www.europa.eu.int... |
| 942 | _n0 | ||
| 999 |
_c120226 _d120226 |
||